| 000 | 00784cam a2200193 4500 | ||
|---|---|---|---|
| 001 | ABS66414 | ||
| 008 | 030306n2003 000 0 eng u | ||
| 035 | _a(Sirsi) u121546 | ||
| 100 | _aOsborne, H. | ||
| 245 | _aSold on a profitable idea | ||
| 260 | _ac2003 | ||
| 490 |
_aEstates Gazette _v (0307) 15 February 2003, 124(1) |
||
| 520 | _aSurvey by networking organisation Profile of the property industry's marketing practices and philosophy which reveals that attitudes have changed from ten years ago. Marketing is considered to be an essential service by 34% of firms and 43% increased their budget in the past 12 months. Bar graphs and pie charts. | ||
| 590 | _aABS | ||
| 650 | _aSURVEYS | ||
| 650 | _aMARKETING | ||
| 690 | _aMANAGEMENT-BUSINESS MANAGEMENT | ||
| 942 | _n0 | ||
| 999 |
_c72245 _d72245 |
||